00539nam a2200181Ia 4500008004100000020001800041082002500059100003700084245006300121250001800184260001900202260002100221260000900242300001000251500004300261650002600304650002700330251212s9999 xx 000 0 und d a9788429017151 a342.4 D618c 2012 HNA aCanosa Usera, Raúl , director 0aDivisión de competencias y forma territorial del Estado. a1a. edición aEditorial Reus bMadrid, España c2012 a166p. aColección Humberto Nogueira Alcalá aDerecho admnistrativo aDerecho constitucional